| 000 | 02106nam a2200457 i 4500 | ||
|---|---|---|---|
| 003 | EG-GICUC | ||
| 005 | 20260121101650.0 | ||
| 008 | 260105s1931 fr c|||fr|||| 001 0 fre d | ||
| 040 |
_aEG-GiCUC _bfre _cEG-GiCUC _dEG-GiCUC _eRda |
||
| 041 | _afre | ||
| 082 | 0 | 4 |
_221 _a341.1 _bRE |
| 092 | 0 | 4 | _221 |
| 099 | _aLaw1 11 341.1 RE 1931 | ||
| 245 | 0 | 0 |
_aRecueil Des Cours. _n1930, Tome 33. |
| 264 | 1 |
_aParis : _bHachette, _c1931 |
|
| 300 |
_a868 pages : _bportraits ; _c24 cm. |
||
| 336 |
_2rda contenu _a texte |
||
| 337 |
_2rda medias _aOrdinateur |
||
| 338 |
_2 transporteur rda _a Ressource en ligne |
||
| 490 | 0 |
_aAcadémie de droit international ; _v1930, t 33. |
|
| 500 | _a1930 II. | ||
| 500 | _aAt head of title: Académie de droit international. | ||
| 504 | _aIncludes bibliographical references and index. | ||
| 505 |
_aContient les cours de l'Académie y compris :
_tLa nationalité des sociétés commerciales / _rpar Maurice Travers -- _tLa condition juridique de la cité du Vatican / _rpar Yves de la Brière -- _tL'extradition / _rpar André Mercier -- _tTendances nouvelles du droit international privé / _rpar Ernst Frankenstein -- _tLe droit du juge international de statuer selon l'équité / _rpar Karl Strupp -- _tConception du droit international privé d'après la doctrine et la pratique en Bulgarie / _rpar S. Daneff -- _tLe droit sanitaire international / _rpar Cino Vitta -- _tLa répression des crimes contre la personnalité de l'état / _rpar Vespasian V. Pella. |
||
| 546 | _aTexte en français | ||
| 650 | 1 | 4 |
_ainternational law _2qrmak |
| 650 | 1 | 4 |
_aJudgments _2qrmak |
| 651 | 1 | _2qrmak | |
| 700 | 1 |
_aTravers, Maurice, _eAuteur |
|
| 700 | 1 |
_aLa Brière, Yves de, _eAuteur |
|
| 700 | 1 |
_aMercier, André, _eAuteur |
|
| 700 | 1 |
_aFrankenstein, Ernst, _eAuteur |
|
| 700 | 1 |
_atrupp, Karl, _eAuteur |
|
| 700 | 1 |
_aDaneff, S., _eAuteur |
|
| 700 | 1 |
_aVitta, Cino,, _eAuteur |
|
| 700 | 1 |
_aPella, Vespasien V., _eAuteur |
|
| 710 | _aAcadémie De Droit International | ||
| 856 | 4 | 0 | _uhttps://fll.law.cu.edu.eg/fulltext/bks/B11-06780.pdf |
| 905 | _a75 | ||
| 942 |
_2ddc _n0 _cBK _e21 |
||
| 999 |
_c54708 _d54708 |
||